=LDR 00000nam 2200000 4500 =001 INLIS000000000041143 =005 20130612150706 =008 ***********************************ind** =035 ##$$0010-061300000041143 =041 ##$$a ind =082 ##$$a 813 =090 ##$$a 813, Way c =100 ##$$a WAY, Margaret =245 ##$$a Cinta sejati brock, Margaret way =260 ##$$a 2011 $b Jakarta =300 ##$$a 256 Hlm, 19 cm =650 ##$$a FIKSI =850 ##$$a NBPNMAT